Top 15 Covid-19 getroffen landen - 17 juli - Statistieken

Algemene statistieken
  • Deze quiz is 4 keer genomen
  • De gemiddelde score is 10 van 25
Antwoordstatistieken
land % Correct
Brazilië
100%
Italië
100%
Mexico
100%
Rusland
100%
Spanje
100%
Verenigde Staten
100%
Chili
67%
Chili
67%
India
67%
Verenigd Koninkrijk
67%
Pakistan
33%
Peru
33%
Turkije
33%
Zuid-Afrika
33%
Zweden
33%
Armenië
0%
Bahrein
0%
Iran
0%
Koeweit
0%
Oman
0%
Panama
0%
Qatar
0%
Saoedi-Arabië
0%
Singapore
0%
Wit-Rusland
0%
Geen overeenkomende quizzen gevonden
Scoreverdeling
Procent van Mensen met Elke Score
Percentiel versus Aantal Correcte Antwoorden
Uw Scoregeschiedenis
U heeft deze quiz nog niet genomen